[Event "Campos Migjorn op"]
[Site "Campos"]
[Date "2019.09.27"]
[Round "7"]
[White "Garcia Feore, Daniel James"]
[Black "Cespedes Alemany, Pau"]
[Result "0-1"]
[WhiteElo "1562"]
[BlackElo "1689"]
[PlyCount "60"]
[EventDate "2019.09.06"]
[EventType "swiss"]
[EventRounds "8"]
[EventCountry "ESP"]
[SourceTitle "EXT 2020"]
[Source "ChessBase"]
[SourceDate "2019.10.17"]
[SourceVersion "1"]
[SourceVersionDate "2019.10.17"]
[SourceQuality "1"]

1. e4 c5 2. Nf3 e6 3. d4 cxd4 4. Nxd4 Nf6 5. Bd3 Nc6 6. Be3 d5 7. Nxc6 bxc6 8. e5 d4 9. Bg5 Qa5+ 10. Bd2 Qxe5+ 11. Qe2 Qxe2+ 12. Bxe2 Bd6 13. c3 c5 14. Na3 a6 15. Bf3 Rb8 16. Nc4 Bc7 17. cxd4 cxd4 18. Rc1 0-0 19. 0-0 Bb7 20. Bb4 Rfe8 21. Nd6 Bxf3 22. Nxe8 Nxe8 23. Bc5 Be2 24. Rfe1 d3 25. Rb1 Rd8 26. Be3 d2 27. Bxd2 Rxd2 28. a4 Bb6 29. Rbc1 Rxb2 30. Rc8 Kf8 0-1

[Event "Campos Migjorn op"]
[Site "Campos"]
[Date "2019.09.14"]
[Round "4"]
[White "Garcia Feore, Daniel James"]
[Black "Veny Moll, Onofre"]
[Result "1-0"]
[WhiteElo "1562"]
[BlackElo "1714"]
[PlyCount "65"]
[EventDate "2019.09.06"]
[EventType "swiss"]
[EventRounds "8"]
[EventCountry "ESP"]
[SourceTitle "EXT 2020"]
[Source "ChessBase"]
[SourceDate "2019.10.17"]
[SourceVersion "1"]
[SourceVersionDate "2019.10.17"]
[SourceQuality "1"]

1. e4 c5 2. Nf3 d6 3. d4 cxd4 4. Nxd4 Nf6 5. Nc3 a6 6. Bg5 e6 7. f4 Be7 8. Qf3 Nbd7 9. 0-0-0 Rb8 10. g4 Qc7 11. h4 b5 12. Bxf6 Nxf6 13. g5 Nd7 14. Qh5 g6 15. Qe2 Bb7 16. h5 Rg8 17. Bg2 e5 18. fxe5 Bxg5+ 19. Kb1 Nxe5 20. hxg6 hxg6 21. Rh7 Qc4 22. Qf2 Ke7 23. Nd5+ Bxd5 24. exd5 Rbf8 25. Rf1 Ke8 26. Nc6 Nxc6 27. dxc6 Qc5 28. Qxc5 dxc5 29. c7 Kd7 30. Rfxf7+ Rxf7 31. Rxf7+ Ke8 32. c8Q+ Kxf7 33. Bd5+ 1-0

[Event "Mallorca-ch U18"]
[Site "Mallorca"]
[Date "2019.04.20"]
[Round "2"]
[White "Tomas Viver, Antoni"]
[Black "Garcia Feore, Daniel James"]
[Result "0-1"]
[WhiteElo "1224"]
[BlackElo "1511"]
[PlyCount "106"]
[EventDate "2019.04.19"]
[EventType "swiss"]
[EventRounds "5"]
[EventCountry "ESP"]
[SourceTitle "EXT 2024"]
[Source "ChessBase"]
[SourceDate "2023.10.10"]
[SourceVersion "1"]
[SourceVersionDate "2023.10.10"]
[SourceQuality "1"]

1. e4 e5 2. Nf3 Nc6 3. Bc4 Bc5 4. c3 Nf6 5. d3 d6 6. Bb3 Bg4 7. Nbd2 a6 8. 0-0 Qd7 9. Re1 h5 10. Nf1 0-0-0 11. h3 Bxh3 12. gxh3 Qxh3 13. Ng5 Qh4 14. Qf3 Ng4 15. Re2 Rdf8 16. Nh3 f6 17. Qg3 Qxg3+ 18. Nxg3 g6 19. Be3 Nxe3 20. fxe3 Kd7 21. d4 exd4 22. exd4 Bb6 23. Kg2 h4 24. Nf1 g5 25. Nh2 Na5 26. Ba4+ c6 27. Rf1 Bd8 28. Ng4 b5 29. Bc2 c5 30. Rf5 cxd4 31. cxd4 Nc6 32. d5 Nd4 33. Ref2 Nxf5 34. Rxf5 Ke7 35. Rf3 Kd7 36. b4 Kc7 37. Rc3+ Kb7 38. a3 Be7 39. Kf3 Rc8 40. Rc6 Rxc6 41. dxc6+ Kxc6 42. Bb3 Rc8 43. Be6 Rc7 44. Ne3 Bd8 45. Nd5 Ra7 46. Nc3 Re7 47. Bd5+ Kb6 48. Bb3 Rg7 49. Kg4 a5 50. Bc2 axb4 51. axb4 Ra7 52. Nd5+ Kc6 53. Ng1 Ra2 0-1

[Event "Mallorca-ch C"]
[Site "Palma de Mallorca"]
[Date "2018.11.10"]
[Round "1.11"]
[White "Garcia Feore, Daniel James"]
[Black "Rossello Sanchez, Bartolome"]
[Result "1-0"]
[WhiteElo "1434"]
[BlackElo "1604"]
[PlyCount "41"]
[EventDate "2018.11.10"]
[EventType "swiss"]
[EventRounds "6"]
[EventCountry "ESP"]
[SourceTitle "EXT 2024"]
[Source "ChessBase"]
[SourceDate "2023.10.10"]
[SourceVersion "1"]
[SourceVersionDate "2023.10.10"]
[SourceQuality "1"]

1. e4 c5 2. Nf3 g6 3. d4 cxd4 4. Nxd4 Bg7 5. Be3 a6 6. Nc3 b5 7. a3 Bb7 8. Qd2 Nc6 9. f3 Na5 10. Bd3 e6 11. 0-0 Ne7 12. b4 Nac6 13. Be2 Rc8 14. Rad1 0-0 15. Nxc6 Bxc6 16. Bd4 f6 17. Bc5 Re8 18. Qe3 d5 19. Rd3 Qc7 20. Rfd1 f5 21. exd5 1-0

[Event "Balears-ch U16"]
[Site "Eivissa"]
[Date "2018.05.05"]
[Round "4.1"]
[White "Garcia Feore, Daniel James"]
[Black "Cisneros Serra, Javier"]
[Result "0-1"]
[WhiteElo "1409"]
[BlackElo "1885"]
[PlyCount "60"]
[EventDate "2018.05.04"]
[EventType "swiss"]
[EventRounds "5"]
[EventCountry "ESP"]
[SourceTitle "EXT 2024"]
[Source "ChessBase"]
[SourceDate "2023.10.10"]
[SourceVersion "1"]
[SourceVersionDate "2023.10.10"]
[SourceQuality "1"]

1. e4 d6 2. d4 Nf6 3. Nc3 g6 4. Bc4 Bg7 5. f4 Nxe4 6. Bxf7+ Kxf7 7. Nxe4 Rf8 8. Nf3 Kg8 9. Qd3 Bf5 10. Qb3+ Kh8 11. Ng3 Bg4 12. Ng5 Qd7 13. h3 Bf5 14. Nxf5 Qxf5 15. g4 Qf6 16. Be3 Nc6 17. Ne6 Na5 18. Qd5 c6 19. Qe4 d5 20. Qe5 Nc4 21. g5 Qxe5 22. dxe5 Nxe3 23. Kd2 Nc4+ 24. Kc3 Rxf4 25. Nxf4 Bxe5+ 26. Kb3 Bxf4 27. h4 Nd2+ 28. Kc3 Ne4+ 29. Kd4 e5+ 30. Kd3 Nf2+ 0-1